000 00705cab a2200241 4500
001 WB2828-68
008 090401t1992 xxu||||| |||| 00| 0 eng d
035 _a(Sirsi) u60037
041 _aeng
245 _aBloodsports are top investment
260 _c1992
350 _a0
490 _aTimes
_v10 July 1992, 6(1)
520 _aSporting estates providing salmon fishing and grouse shooting have proved the best investment in Scottish country property over the past decade.
650 _aCAPITAL VALUES
650 _aGROUSE SHOOTING
650 _aSALMON FISHING
650 _aSPORTING ESTATES
650 _aSPORTING MARKET
690 _aRURAL PRACTICE
942 _n0
948 _c04/03/1997
999 _c36965
_d36965